LEADER 01400cam0 2200337 450 001 E600200021842 005 20190626132405.0 100 $a20061019d1968 |||||ita|0103 ba 101 $aita 102 $aIT 200 1 $aEpistolario 1911-1926$eVol. I$e Dalla guerra di Libia alla Grande Guerra. Vol. II$eLa Grande Guerra. Vol. III$eIl dopoguerra. Vol. IV$eIl fascismo al potere$fLuigi Albertini 210 $aMilano$cArnoldo Mondadori Editori$d1968 215 $a4 v.$d21 cm 225 2 $ascie 410 1$1001LAEC00019291$12001 $aLe *scie 700 1$aAlbertini$b, Luigi$3A600200038473$4070$075331 801 0$aIT$bUNISOB$c20190626$gRICA 850 $aUNISOB 852 $aUNISOB$j900$m17383 852 $aUNISOB$j900$m17381 852 $aUNISOB$j900$m17382 852 $aUNISOB$j900$m17384 912 $aE600200021842 940 $aM 102 Monografia moderna SBN 941 $aM 957 $a900$b000013$i-3$gSi$d17383$racquisto$1pregresso1$2UNISOB$3UNISOB$420061019085629.0$520180409075948.0$6Alfano 957 $a900$b000013$i-1$gSI$d17381$1Alfano$2UNISOB$3UNISOB$420180409075727.0$520180409075817.0$6Alfano 957 $a900$b000013$i-2$gSI$d17382$1Alfano$2UNISOB$3UNISOB$420180409075821.0$520180409075857.0$6Alfano 957 $a900$b000013$i-4$gSI$d17384$1Alfano$2UNISOB$3UNISOB$420180409075951.0$520180409080028.0$6Alfano 996 $aEpistolario$9486618 997 $aUNISOB LEADER 02760nam 2200529 450 001 9910481009603321 005 20180613002136.0 010 $a1-4704-1532-1 035 $a(CKB)3710000000230215 035 $a(EBL)3114051 035 $a(SSID)ssj0001108986 035 $a(PQKBManifestationID)11622327 035 $a(PQKBTitleCode)TC0001108986 035 $a(PQKBWorkID)11124503 035 $a(PQKB)11662542 035 $a(MiAaPQ)EBC3114051 035 $a(PPN)195408632 035 $a(EXLCZ)993710000000230215 100 $a20150415h20132013 uy 0 101 0 $aeng 135 $aur|n|---||||| 181 $ctxt 182 $cc 183 $acr 200 10$aOn the spectra of quantum groups /$fMilen Yakimov 210 1$aProvidence, Rhode Island :$cAmerican Mathematical Society,$d2013. 210 4$d©2013 215 $a1 online resource (104 p.) 225 1 $aMemoirs of the American Mathematical Society,$x1947-6221 ;$vVolume 229, Number 1078 300 $a"Volume 229, Number 1078 (fifth of 5 numbers)." 311 $a0-8218-9174-X 320 $aIncludes bibliographical references. 327 $a""Contents""; ""Chapter 1. Introduction""; ""Chapter 2. Previous results on spectra of quantum function algebras""; ""2.1. Quantized universal enveloping algebras""; ""2.2. Type 1 modules and braid group action""; ""2.3. -prime ideals of Quantum Groups""; ""2.4. Sets of normal elements""; ""2.5. Localizations of quotients of _{ }[ ] by its -primes""; ""2.6. Spectral decomposition theorem for _{ }[ ]""; ""2.7. The De Concinia???Kaca???Procesi algebras""; ""2.8. A second presentation of ^{ }_{A?±}""; ""Chapter 3. A description of the centers of Josepha???s localizations"" 327 $a""7.4. Structure of the algebras a???_{ } and separation of variables for _{ }""""7.5. Structure of the algebras _{ } and freeness of _{ } over _{ }""; ""Chapter 8. A classification of maximal ideals of _{ }[ ] and a question of Goodearl and Zhang""; ""8.1. A projection property of the ideal _{(1,1)}""; ""8.2. Proof of \prref{PROJJ}""; ""8.3. Proof of \thref{MAX}""; ""8.4. Classification of _{ }[ ] and a question of Goodearl and Zhang""; ""Chapter 9. Chain properties and homological applications""; ""9.1. Applications"" 410 0$aMemoirs of the American Mathematical Society ;$vVolume 229, Number 1078. 606 $aQuantum groups 608 $aElectronic books. 615 0$aQuantum groups. 676 $a530.14/3 700 $aYakimov$b Milen$f1973-$0992768 801 0$bMiAaPQ 801 1$bMiAaPQ 801 2$bMiAaPQ 906 $aBOOK 912 $a9910481009603321 996 $aOn the spectra of quantum groups$92273276 997 $aUNINA